000 01195nam a2200325 i 4500
001 bg
003 BPK
005 20201008114344.0
008 010310s2000 pl a f f |001 0 pol
015 _aPB 2001/4411
020 _a8320425697
040 _aWA N
_cBPK
041 0 _apol
080 _a621.43
080 _a(075.8)
100 1 _aWajand, Jan Aleksander
_d(1929-2019)
_eAutor
245 1 0 _aTłokowe silniki spalinowe średnio- i szybkoobrotowe /
_cJan A. Wajand, Jan. T. Wajand.
250 _aWyd. 3 zm.
260 _aWarszawa :
_bWydawnictwa Naukowo-Techniczne,
_c2000.
300 _a665, [1] s., [3] k. tabl. złoż :
_bil. ;
_c25 cm.
504 _aBibliogr., wykaz norm. - Indeks.
521 8 _aDla studentów wydz. mechanicznych wyższych szkół tech., a także dla konstruktorów i użytkowników silników.
655 4 _aPodręczniki akademickie
650 4 _aSilniki spalinowe
650 4 _aSilniki tłokowe
700 1 _aWajand, Jan Tomasz.
710 2 _aWydawnictwa Naukowo-Techniczne
_4pbl.
856 4 1 _uhttp://koha.tu.koszalin.pl/cgi-bin/koha/opac-detail.pl?biblionumber=38830
_yKatalog online BPK
942 _2UKD
_cKS
999 _c38830
_d38830